| 000 | 01045cam a22003377a 4500 | ||
|---|---|---|---|
| 003 | CHAP | ||
| 005 | 20220329141746.0 | ||
| 008 | 971013s1977 r 00010 d | ||
| 010 | _a73405 | ||
| 011 | _a74377 | ||
| 035 | _a83936 | ||
| 040 | _cCHAP | ||
| 090 | _aFolleto 6627 | ||
| 100 | 0 | 0 |
_aBarreiro, Juan José. _910364 |
| 245 | 0 | _aArte y sociedad | |
| 260 |
_aMéxico : _bANUIES, _c1977 |
||
| 300 | _a73 p. | ||
| 490 | 0 | _aTemas básicos. Filosofía | |
| 590 |
_aBATCH-UPD _b10 _c20130110 _lUCH01 _h0149 |
||
| 590 |
_aBATCH-UPD _b10 _c20130110 _lUCH01 _h2250 |
||
| 590 |
_aBATCH-UPD _b10 _c20130409 _lUCH01 _h2149 |
||
| 590 |
_aBATCH-UPD _b10 _c20130914 _lUCH01 _h0412 |
||
| 590 |
_aCONVERSION _b10 _c20130109 _lUCH01 _h1340 |
||
| 650 | 1 | 4 |
_aArte y sociedad. _97706 |
| 830 | 0 |
_aTemas básicos. Filosofía _9112132 |
|
| 901 | _aBK | ||
| 942 | _cFOLL | ||
| 949 |
_aFolleto 6627 _bBC _cFOLL _d-38942 _eTS1 _i83936 _si |
||
| 949 |
_aFolleto 6627 _bBC _cFOLL _d-38943 _eTS2 _fc.2 _i83936 _si |
||
| 949 |
_aFolleto 6627 _bBC _cFOLL _d-38944 _eTS2 _fc.3 _i83936 _si |
||
| 999 |
_c73405 _d73405 |
||